000 00626nam a2200217Ii 4500
003 JO-AjNU
008 230606s9999||||xx |||||||||||||| ||und||
020 _a81-7629-797-6
040 _aJO-AjNU
_beng
_erda
_cJO-AjNU
041 _aeng
050 1 4 _aHD3538.2006
100 3 _aNAKKIRAN,S,
_eauthor
_91266
245 0 0 _aCOOPERATIVE MANAGEMENT:PRINCIPLES AND TECHNIQUES
250 _a5 ed
264 3 1 _aNew Delhi:DEEP&DEEP PUBLICATIONS PVT.LTD,2006
300 _a648p
336 _atext
_btxt
_2rdacontent
337 _aunmediated
_bn
_2rdamedia
338 _avolume
_bnc
_2rdacarrier
650 4 _aCOOPERATIVE MANAGEMENT
_91267
999 _aE667
_c667
_d667